[Event "New Challenge"]
[Site "http://www.queenalice.com/game.php?id=846602"]
[Date "2010.10.16"]
[Round "-"]
[White "nickpet"]
[Black "spartan117"]
[Result "1-0"]
[WhiteElo "1636"]
[BlackElo "1493"]

1. e4 e5 2. Nf3 d6 3. d3 Nf6 4. h3 Nc6 5. a3 a5 6. Nc3 b6 7. Nd5 Nd4 8. Nxd4
Nxd5 9. Nc6 Qd7 10. exd5 Ba6 11. a4 g6 12. c4 Bb7 13. Qf3 Bxc6 14. dxc6 Qd8 15.
h4 h5 16. Bg5 Be7 17. g3 O-O 18. Bh3 f6 19. Be6+ Kg7 20. Bd2 f5 21. Bg5 Bxg5 22.
hxg5 Qxg5 23. Rh4 f4 24. Qg2 Rae8 25. Bd7 Re7 26. Rh1 Ref7 27. Be6 fxg3 28. Bxf7
gxf2+ 29. Kf1 Qf6 30. Bd5 e4 31. Qxe4 Qxb2 32. Qe7+ Rf7 33. Qxf7+ Kh6 34. Rd1
Qc2 35. Qf4+ Kg7 36. Bf3 Qxa4 37. Bxh5 Qxd1+ 38. Bxd1 1-0

[Event "Oct Challenge"]
[Site "http://www.queenalice.com/game.php?id=847698"]
[Date "2010.10.18"]
[Round "-"]
[White "spartan117"]
[Black "Wilson"]
[Result "1-0"]
[WhiteElo "1474"]
[BlackElo "1636"]

1. e4 e5 2. Bc4 Nf6 3. b3 Bb4 4. c3 Bc5 5. b4 Bb6 6. Nf3 Nxe4 7. Rf1 d5 8. Qe2
O-O 9. Nxe5 Qd6 10. Nf3 dxc4 11. Qxe4 Nc6 12. Qxc4 Be6 13. Qh4 Rae8 14. Kd1 Bc4
15. Qxc4 Ne5 16. Qh4 Nd3 17. Ng5 h6 18. Ne4 Rxe4 19. Qxe4 Nxf2+ 20. Rxf2 Bxf2
21. Qxb7 Qxh2 22. d4 Qg1+ 23. Kc2 Qf1 24. Nd2 Bg3 25. Nxf1 Bd6 26. Qxa7 c6 27.
Ne3 Bb8 28. Qa6 Re8 29. Qxc6 Rd8 30. Nf5 Kf8 31. g4 Re8 32. d5 Re2+ 33. Bd2 Bf4
34. Qc8+ Re8 35. Qc5+ Kg8 36. Bxf4 Re4 37. Qc8+ Kh7 38. Rf1 Re2+ 39. Kd1 Rg2 40.
Qf8 Rxg4 41. d6 Rg6 42. d7 Rd6+ 43. Qxd6 g6 44. Nxh6 Kg7 45. d8=Q 1-0

[Event "Oct Challenge"]
[Site "http://www.queenalice.com/game.php?id=847699"]
[Date "2010.10.18"]
[Round "-"]
[White "Wilson"]
[Black "spartan117"]
[Result "1-0"]
[WhiteElo "1644"]
[BlackElo "1484"]

1. Nf3 e6 2. e4 Bc5 3. d4 Bb4+ 4. c3 Ba5 5. b4 Bb6 6. Bb5 a6 7. Ba4 Nf6 8. Nbd2
h5 9. O-O g6 10. Ng5 Ng4 11. Ndf3 f6 12. e5 fxg5 13. Bxg5 O-O 14. Bxd8 Rxd8 15.
h3 Nh6 16. Nh4 Kg7 17. Qf3 d5 18. Qf6+ Kh7 19. Qxd8 Nc6 20. Qf6 Ng8 21. Qxg6+
Kh8 22. Bc2 Nce7 23. Qh7# 1-0

[Event "Challenge"]
[Site "http://www.queenalice.com/game.php?id=847881"]
[Date "2010.10.19"]
[Round "-"]
[White "PRZ"]
[Black "spartan117"]
[Result "0-1"]
[WhiteElo "1206"]
[BlackElo "1488"]

1. c3 e5 2. d4 Bd6 3. Nd2 Nf6 4. Nh3 Ng4 5. Ne4 Qh4 6. g3 Qh5 7. Nf4 Qf5 8. Bg2
exf4 9. gxf4 Bxf4 10. Bxf4 Qxf4 11. f3 Ne3 12. Kf2 Nxd1+ 13. Raxd1 d5 14. e3
Qh4+ 15. Ng3 O-O 16. e4 dxe4 17. fxe4 a5 18. e5 Ra6 19. d5 Nd7 20. e6 fxe6+ 21.
Kg1 exd5 22. Bxd5+ Rf7 23. Bxf7+ Kxf7 24. Rf1+ Nf6 25. Nf5 Bxf5 26. Rxf5 Qe1+
27. Rf1 Qe2 0-1

[Event "Challenge"]
[Site "http://www.queenalice.com/game.php?id=849128"]
[Date "2010.10.22"]
[Round "-"]
[White "Petrucio"]
[Black "spartan117"]
[Result "0-1"]
[WhiteElo "1428"]
[BlackElo "1483"]

1. g4 Nf6 2. g5 Ng4 3. h3 Ne5 4. d4 Nec6 5. c3 d5 6. Bg2 Bf5 7. Nd2 Qd6 8. Qb3
Na5 9. Qa4+ Nbc6 10. b4 Nc4 11. Qb5 Nb6 12. Ngf3 O-O-O 13. Nh4 g6 14. c4 Nxb4
15. Ba3 Nc2+ 16. Kd1 Qxa3 17. Nxf5 Nxa1 18. Qb1 Qa4+ 19. Ke1 Nc2+ 20. Kd1 gxf5
21. c5 Nc4 22. h4 Nxd4+ 23. Nb3 Bg7 24. e3 Na3 25. Qb2 Nc4 26. Qa1 Nxb3 27. Qb1
Nxc5+ 28. Qc2 Qxc2+ 29. Kxc2 Na3+ 30. Kd2 Bb2 31. Bh3 Ne4+ 32. Ke2 Nc3+ 33. Kd2
Nab1+ 34. Kc2 Ba3 35. Kb3 Bc5 36. Rc1 d4 37. Bxf5+ e6 38. Bxb1 Rd5 39. Bd3 b5
40. e4 Re5 41. a3 Nxe4 42. f3 Nd2+ 43. Kc2 Nxf3 44. Rf1 Nxh4 45. Rxf7 Rxg5 46.
Bxb5 Rg2+ 47. Kb3 Kb7 48. Bc4 Kb6 49. Bxe6 d3 50. Bd5 d2 51. Rf6+ Bd6 52. Re6
d1=Q+ 53. Kc4 Qa4+ 54. Kd3 Qxa3+ 55. Ke4 Rf8 56. Rh6 Rg4# 0-1

[Event "9 Nov Challenge"]
[Site "http://www.queenalice.com/game.php?id=856905"]
[Date "2010.11.9"]
[Round "-"]
[White "spartan117"]
[Black "malouco"]
[Result "1-0"]
[WhiteElo "1546"]
[BlackElo "1223"]

1. e4 d5 2. exd5 Qxd5 3. Nc3 Qe5+ 4. Qe2 Qxe2+ 5. Bxe2 e6 6. Nb5 Bd6 7. Nf3 Nf6
8. O-O a6 9. Nbd4 Bd7 10. b3 Nc6 11. a4 Nxd4 12. Nxd4 Be5 13. Bb2 Bxd4 14. Bxd4
O-O 15. Bc4 Ne4 16. d3 Nd2 17. Rfe1 Nxc4 18. bxc4 b6 19. Be5 c5 20. Bc7 b5 21.
Re5 bxc4 22. dxc4 Rfc8 23. Rxc5 Ra7 24. Bd6 Rxc5 25. Bxc5 Rc7 26. Bd6 Rxc4 27.
Ra2 Bxa4 28. Rb2 h6 29. h4 Bxc2 30. h5 Bf5 31. Rb8+ Kh7 32. Rb7 Rc1+ 33. Kh2 Bg4
34. Rxf7 Bxh5 35. Ra7 Rc6 36. Be5 Kg8 37. Bxg7 Rc2 38. Bd4 Bf7 39. Rxa6 Rd2 40.
Rd6 Re2 41. Kg3 h5 42. Kf3 Rd2 43. Ke3 Rd1 44. Rd8+ Kh7 45. g3 Kg6 46. f4 Re1+
47. Kd3 Rh1 48. Rh8 Rh3 49. Bf2 Rh2 50. Bg1 Rg2 51. Bc5 Rxg3+ 52. Ke4 Rg4 53.
Bf8 Rg2 54. Rh6# 1-0

[Event "17 Nov Challenge1"]
[Site "http://www.queenalice.com/game.php?id=860004"]
[Date "2010.11.17"]
[Round "-"]
[White "spartan117"]
[Black "cathare"]
[Result "0-1"]
[WhiteElo "1546"]
[BlackElo "1573"]

1. e4 e5 2. Bc4 Nf6 3. Nf3 d5 4. exd5 Bg4 5. O-O e4 6. Bb5+ c6 7. dxc6 Nxc6 8.
Be2 exf3 9. gxf3 Bh3 10. Bc4 Bd6 11. c3 Bxf1 12. Qxf1 Ne5 13. Bb3 O-O 14. Qe2
Nh5 15. d4 Ng6 16. Nd2 Ngf4 17. Qb5 Qg5+ 18. Qxg5 Nh3+ 19. Kg2 Nxg5 20. Nc4 Nf4+
21. Kf1 Bc7 22. Bd2 Rae8 23. Re1 Nxf3 24. Ba4 Rxe1+ 25. Bxe1 Nxh2+ 26. Kg1 Nf3+
27. Kf1 a6 28. Bd2 b5 29. Bd1 Nxd2+ 30. Nxd2 Nd3 31. b4 Re8 32. Kg2 a5 33. a3
Ra8 34. Bf3 Ra7 35. Be2 Nf4+ 36. Kf3 Nxe2 37. Kxe2 axb4 38. cxb4 Rxa3 39. Nb1
Ra2+ 40. Nd2 Bb6 41. Kd3 h5 42. Nf3 Ra3+ 43. Ke4 Ra4 44. Kd5 Rxb4 45. Kc6 Rb3
46. Nd2 Rd3 47. Kxb6 Rxd2 48. Kxb5 Rxd4 49. Kc5 Rf4 50. Kd5 Rxf2 51. Ke4 h4 52.
Ke3 Rf6 0-1

[Event "17 Nov Challenge2"]
[Site "http://www.queenalice.com/game.php?id=860005"]
[Date "2010.11.17"]
[Round "-"]
[White "cathare"]
[Black "spartan117"]
[Result "1-0"]
[WhiteElo "1571"]
[BlackElo "1501"]

1. e4 e5 2. Nf3 Nc6 3. d4 exd4 4. Nxd4 Nxd4 5. Qxd4 c5 6. Qe5+ Qe7 7. Qxe7+ Bxe7
8. Nc3 Nf6 9. f3 O-O 10. Bd2 a6 11. e5 Nh5 12. Nd5 Bd8 13. O-O-O Re8 14. g4 Rxe5
15. gxh5 Rxd5 16. Bc4 Rxh5 17. Rhe1 d5 18. Re8# 1-0

[Event "18 Nov Challenge2"]
[Site "http://www.queenalice.com/game.php?id=860008"]
[Date "2010.11.17"]
[Round "-"]
[White "peaceman"]
[Black "spartan117"]
[Result "0-1"]
[WhiteElo "1323"]
[BlackElo "1529"]

1. e4 e5 2. Nf3 Bd6 3. Nc3 Nc6 4. Nd5 Nf6 5. d3 O-O 6. Be2 Ng4 7. h3 Nf6 8. O-O
Nb4 9. a3 c6 10. Nxb4 c5 11. h4 cxb4 12. a4 a5 13. b3 Bc5 14. Nxe5 Qe7 15. Bf4
d6 16. Nc4 Ra6 17. d4 Bb6 18. Qd3 Nxe4 19. f3 Nf6 20. g3 Nh5 21. Bg5 Qd7 22.
Nxb6 Rxb6 23. g4 Ng3 24. Rf2 Re8 25. Re1 d5 26. f4 Nxe2+ 27. Rfxe2 Rbe6 28. Kf2
Qd6 29. f5 R6e7 30. Qf3 f6 31. Bf4 Rxe2+ 32. Rxe2 Qd7 33. Bg3 Kf7 34. Rxe8 Kxe8
35. Qf4 Qc6 36. Qd2 h6 37. Qe2+ Kf7 38. Qd3 Qe8 39. Bc7 Qe7 40. Bxa5 Qd6 41. h5
Qh2+ 42. Kf1 Qf4+ 43. Ke1 Qxg4 44. Qf1 Qxh5 45. Qc4 dxc4 46. Bxb4 Bxf5 47. bxc4
Qh1+ 48. Kd2 Qa1 49. Bc3 Qxa4 50. d5 Bxc2 51. d6 Bf5 52. c5 Qc2+ 53. Ke3 Qxc3+
54. Kf4 Qxc5 55. d7 Bxd7 56. Ke4 Qe5+ 57. Kd3 Bb5+ 58. Kc2 f5 59. Kb3 Qd4 60.
Kc2 Bd3+ 61. Kd2 f4 62. Ke1 f3 63. Kd2 f2 64. Kc1 f1=Q+ 65. Kd2 Bb1# 0-1

[Event "Challenge"]
[Site "http://www.queenalice.com/game.php?id=863267"]
[Date "2010.11.24"]
[Round "-"]
[White "rodriw02"]
[Black "spartan117"]
[Result "1-0"]
[WhiteElo "1437"]
[BlackElo "1549"]

1. e4 e5 2. Nf3 Qf6 3. d3 Be7 4. Nc3 Nc6 5. Nb5 Kd8 6. Be2 a6 7. Nc3 d6 8. O-O
Qg6 9. b3 Nf6 10. Ng5 h6 11. Nf3 Nh5 12. Nd5 Re8 13. a4 a5 14. Qd2 Be6 15. Qc3
Ra6 16. Ne3 Rb6 17. Rb1 Nf4 18. Re1 Nh5 19. Nc4 Ra6 20. Nfd2 Nf4 21. Bf3 Bf6 22.
Nf1 Nh5 23. Ba3 Kd7 24. b4 axb4 25. Bxb4 Rxa4 26. Ra1 Rxb4 27. Nfe3 Nf4 28. g3
Nh3+ 29. Kf1 Ng5 30. Bg2 Rb8 31. Qa3 b5 32. h4 Nh3 33. c3 Ra4 34. Qb3 Rba8 35.
Qxb5 R4a5 36. Nxa5 Qh5 37. Qxc6+ Ke7 38. Qxa8 g5 39. Nc6+ Kd7 40. Nb8+ Ke7 41.
g4 Bxg4 42. Nc6+ Ke6 43. Qe8+ Be7 44. Qxe7# 1-0

[Event "White Challenge"]
[Site "http://www.queenalice.com/game.php?id=880135"]
[Date "2011.1.2"]
[Round "-"]
[White "spartan117"]
[Black "JabbaTheHutGoesMassive"]
[Result "0-1"]
[WhiteElo "1558"]
[BlackElo "1662"]

1. d4 b6 2. e4 e6 3. e5 Bb7 4. Nf3 c5 5. Ng5 cxd4 6. Qxd4 Nc6 7. Qf4 f6 8. exf6
Nxf6 9. Be2 h6 10. Ne4 Nxe4 11. Qxe4 Qf6 12. Bh5+ Kd8 13. Nc3 Na5 14. Qg4 Qe5+
15. Be3 Kc7 16. Rd1 Bb4 17. Rd4 Bxg2 18. Qxg2 Bxc3+ 19. bxc3 Qxh5 20. Qxg7 Rad8
21. Bf4+ Kc8 22. Rg1 Qb5 23. Kd2 Nc4+ 24. Ke2 Nd6+ 25. Rd3 Rhg8 26. Qxh6 Rxg1
27. Bxd6 Qb2 28. Be7 Qxc2+ 29. Qd2 Qa4 30. Rd4 Qb5+ 31. c4 Qh5+ 32. f3 Rg2+ 33.
Ke3 Rxd2 34. Kxd2 Re8 35. Bh4 Qxf3 36. Rd3 Qf4+ 37. Kc3 Qxh4 0-1

[Event "White Challenge"]
[Site "http://www.queenalice.com/game.php?id=880138"]
[Date "2011.1.2"]
[Round "-"]
[White "spartan117"]
[Black "alamanerademachine"]
[Result "1-0"]
[WhiteElo "1537"]
[BlackElo "1453"]

1. d4 d5 2. Nc3 Nc6 3. Bf4 e6 4. e3 e5 5. dxe5 Bf5 6. Nxd5 Nb4 7. Bc4 Nxc2+ 8.
Kd2 Bb4+ 9. Ke2 c6 10. Nxb4 Nxb4 11. Qb3 Nc2 12. Rc1 b5 13. Bxf7+ Kd7 14. e6+
Kc8 15. Rxc2 Nf6 16. Rxc6+ Kb7 17. Qxb5+ Qb6 18. Rxb6+ Kc8 19. Rd6 a6 20. Rxa6
Kd8 21. Rxa8+ Ke7 22. Rxh8 Ne4 23. Qd7+ Kf6 24. Qd8# 1-0

[Event "Black Challenge"]
[Site "http://www.queenalice.com/game.php?id=880139"]
[Date "2011.1.2"]
[Round "-"]
[White "spartan117"]
[Black "alamanerademachine"]
[Result "1-0"]
[WhiteElo "1550"]
[BlackElo "1389"]

1. d4 d5 2. e3 e6 3. Bb5+ Bd7 4. Nc3 a6 5. Bxd7+ Qxd7 6. Nf3 f6 7. O-O Nh6 8.
Qd3 f5 9. b3 Nc6 10. a4 Nb4 11. Qe2 Bd6 12. Ne5 Qe7 13. Qh5+ g6 14. Nxg6 Qf7 15.
Ne2 hxg6 16. Qh4 Nxc2 17. Ra2 Be7 18. Qf4 Nb4 19. Nc3 O-O-O 20. Ra1 Nd3 21. Qf3
Bb4 22. Bd2 Bd6 23. Qe2 Nf4 24. exf4 Rde8 25. Rfe1 Qh7 26. Qd3 Ng4 27. h3 Be7
28. Rxe6 c5 29. Nxd5 Bd8 30. Nb6+ Bxb6 31. Rxb6 Rd8 32. Rc1 Kc7 33. Ba5 Rxd4 34.
Qc3 Kb8 35. Qxc5 Rxf4 36. Qd6+ Ka7 37. Qxf4 Qd7 38. hxg4 fxg4 39. Rxg6 Qh7 40.
Qe3+ b6 41. Bxb6+ Kb7 42. Qe4+ Kb8 43. f3 g3 44. Kf1 Qh1+ 45. Ke2 Qxc1 46. Qe5+
Kc8 47. Qxh8+ Kb7 48. Qh7+ Qc7 49. Qxc7+ 1-0

[Event "Challenge"]
[Site "http://www.queenalice.com/game.php?id=899660"]
[Date "2011.2.12"]
[Round "-"]
[White "alamanerademachine"]
[Black "spartan117"]
[Result "1-0"]
[WhiteElo "1387"]
[BlackElo "1526"]

1. e4 e5 2. Nf3 d6 3. Ng5 Qxg5 4. d4 Qe7 5. dxe5 Qxe5 6. f3 Qc5 7. Qe2 Be7 8.
Be3 Qa5+ 9. c3 Bd7 10. Nd2 Bh4+ 11. g3 Bg5 12. Bxg5 Qxg5 13. f4 Qf6 14. e5 dxe5
15. fxe5 Qg5 16. Bg2 Bg4 17. Qe4 Nc6 18. h3 Bf5 19. Qe2 Qxg3+ 20. Qf2 Qxf2+ 21.
Kxf2 Nxe5 22. Rhe1 f6 23. Bxb7 Rb8 24. Bd5 1-0

[Event "Challenge"]
[Site "http://www.queenalice.com/game.php?id=903162"]
[Date "2011.2.20"]
[Round "-"]
[White "spartan117"]
[Black "alamanerademachine"]
[Result "0-1"]
[WhiteElo "1504"]
[BlackElo "1409"]

1. e4 e5 2. Qf3 f6 3. Bc4 c5 4. Qd3 a6 5. Qb3 b5 6. Bd5 Nc6 7. Bxg8 Nd4 8. Bf7+
Ke7 9. Qd5 Rb8 10. c3 Nc2+ 11. Kd1 Nxa1 12. Na3 Bb7 13. Qxc5+ d6 14. Qe3 Kxf7
15. Nf3 d5 16. exd5 Qxd5 17. Ne1 Bc5 18. Qg3 b4 19. Nac2 Nxc2 20. Kxc2 Qe4+ 21.
Kd1 Bd5 0-1

[Event "Challenge"]
[Site "http://www.queenalice.com/game.php?id=909341"]
[Date "2011.3.6"]
[Round "-"]
[White "spartan117"]
[Black "APSHOOTER"]
[Result "0-1"]
[WhiteElo "1570"]
[BlackElo "1672"]

1. e4 d5 2. Qf3 dxe4 3. Qxe4 Nf6 4. Qc4 Be6 5. Qa4+ Nc6 6. Bb5 Bd5 7. c4 a6 8.
Bxc6+ Bxc6 9. Qb4 Bxg2 10. Qa4+ Bc6 11. Qb4 e5 12. Qc3 Bxh1 13. Qxe5+ Be7 14. f3
Qd7 15. Nc3 Qd6 0-1